000 00303nam a2200109Ia 4500
008 200302s9999 xx 000 0 und d
100 _aHenri Stierlin
245 _aThe Roman Empire From The Etruscans to the Decline of the Roman Empire
260 _bTaschen Verlag Gmbh
260 _c1996
300 _a240 P.,
999 _c932
_d932